000 00647nam a2200277Ia 4500
005 20260324133807.0
008 008 260324s9999 xx 000 0 eng d
020 _a9780203299432
037 _aEBOOK
040 _aCRL
040 _beng
040 _cCRL
041 _2eng
041 _aeng
084 _qCRL
100 _aJames A. Beckford; James T. Richardson
_91194423
245 0 _aChallenging Religion
260 _bTaylor and Francis
260 _c2003
365 _a
365 _b240
856 _uhttp://www.taylorfrancis.com/books/9780203299432
942 _cEBOOK
999 _c1793837
_d1793837